000
00325nam a22001457a 4500
008
230406b ||||| |||| 00| 0 eng d
020
_a
9780803618237
041
_a
eng
080
_a
610.73
082
_a
610.73PEN
100
_a
8
101
_a
INFER
245
_a
MASTERING THE TEACHING ROLE
_c
PENN.K.B
942
_2
udc
_c
BK
999
_c
59510
_d
59510